000 02629nam0a2200421 i 4500
001 RU\NLR\bibl\2048849
005 20260628211018.0
010 _a9785873179022
_9500
021 _aRU
_b2013-42027
_92905
035 _a(nilc)RuMoRGB-006586432
035 _a(NLR Aleph) 002035938
090 _a4572851
_c4572851
100 _a20130527d2013 k y0rusy50 ca
101 0 _arus
_deng
102 _aRU
_aKZ
105 _aa |||||||||
200 1 _aФауна наземных моллюсков (Gastropoda, Pulmonata Terrestria) Казахстана и сопредельных территорий
_dFauna of land mollusks (Gastropoda, Pulmonata Terrestria) of Kazakhstan and adjacent territories
_fА.А. Шилейко, Т.С. Рымжанов
_gРос. акад. наук, Ин-т пробл. экологии и эволюции им. А.Н. Северцова [и др.]
_zeng
210 _aМосква
_aАлматы
_cТоварищество научных изданий КМК
_d2013
215 _a389, [38] с., [20] л. цв. ил., портр.
_cил.
_d24
300 _aАвт. также на англ. яз.: A.A. Schileyko, T.S. Rymzhanov
300 _aВ надзаг. также: Прогр. фундам. исслед. ОБН РАН "Биол. ресурсы России: динамика в условиях глобал. климат. и антропог. воздействий", М-во образования и науки Респ. Казахстан, Павлодар. гос. пед. ин-т
300 _aРез. на англ. яз.
320 _aБиблиогр.: с. 362-377
320 _aУказ. лат. назв.: с. 378-384
510 0 _6z77790
_aFauna of land mollusks (Gastropoda, Pulmonata Terrestria) of Kazakhstan and adjacent territories
_zeng
606 1 _aНаземные моллюски
_yКазахстан, Республика
_92157671
_3RU\NLR\auth\661603493
686 _aЕ691.9(257К)
700 1 _4070
_7ca
_8rus
_aШилейко
_bА. А.
_gАнатолий Алексеевич
_9108842
_3RU\NLR\auth\77125918
701 1 _4070
_8rus
_7ca
_aРымжанов
_bТ. С.
_f1951-2011
_gТлеубек Сакенович
_3RU\NLR\auth\77125905
_9108829
790 1 _4070
_7ba
_8rus
_aŠilejko
_bA. A.
_gAnatolij Alekseevič
_9108845
_3RU\NLR\auth\77125921
790 1 _4070
_7ba
_8rus
_aRymžanov
_bТ. С.
_f1951-2011
_gTleubek Sakenovič
_9108832
_3RU\NLR\auth\77125908
801 0 _aRU
_bRuMoRKP
_c20130527
_gRCR
801 2 _aRU
_bРГБ
_c20130611
_grcr
801 1 _aRU
_bRuMoRKP
_c20130527
_2rusmarc
801 2 _aRU
_bNLR
_c20130701
_grcr
942 _cBOOK
980 _aNBR